| 000 | 00913nam a2200265 i 4500 | ||
|---|---|---|---|
| 001 | 82236 | ||
| 003 | ES-MaACL | ||
| 005 | 20231221192158.0 | ||
| 007 | t| | ||
| 008 | 041202s2003 sp ||||1| spa d | ||
| 020 | _a84-206-5612-7 | ||
| 080 | _a821.134.2-14"19" | ||
| 100 | 1 |
_aSalinas, Pedro, _d1891-1951 _9101942 |
|
| 245 | 1 | 0 |
_aPresagios ; Seguro azar ; Fábula y signo _b: (poesías completas, 1) / _cPedro Salinas ; prólogo de Soledad Salinas de Marichal. |
| 250 | _a1ª ed. en "Biblioteca de autor". | ||
| 260 |
_aMadrid : _bAlianza Editorial, _c2003. |
||
| 300 |
_a161 p. ; _c17 cm. |
||
| 490 | 1 |
_aEl libro de bolsillo. Biblioteca de autor ; _v286 |
|
| 700 | 1 |
_aSalinas, Soledad. _9101945 |
|
| 740 | 0 | _aSeguro azar. | |
| 740 | 0 | _aFábula y signo. | |
| 830 | 0 |
_aEl libro de bolsillo. Biblioteca de autor ; _v286 _9183741 |
|
| 852 |
_aES-MaACL _jL-28571 _bR.134283 |
||
| 999 |
_c82236 _d82236 |
||